000 01187cam a22002894a 4500
020 _a0821369679
020 _a9780821369685
040 _cDDC
082 _a330 WOR 2007 A065 Or.
110 2 _aWorld Bank.
245 1 4 _aThe Little Green Data Book 2007
260 _aWashington, D.C. :
_bThe World Bank,
_c2007.
300 _a1 online resource (240 p.)
490 1 _aWorld Development Indicators
520 3 _aThis pocket-sized reference on key environmental data for over 200 countries includes key indicators on agriculture, forestry, biodiversity, energy, emission and pollution, and water and sanitation. The volume helps establish a sound base of information to help set priorities and measure progress toward environmental sustainability goals.
650 4 _aClimate Change.
650 4 _aEnergy.
650 4 _aEnergy and Environment.
650 4 _aEnergy Production and Transportation.
650 4 _aEnvironment.
650 4 _aEnvironment and Energy Efficiency.
650 4 _aHealth, Nutrition and Population.
650 4 _aPopulation Policies.
710 2 _aWorld Bank.
856 4 0 _uhttp://elibrary.worldbank.org/content/book/9780821369678
942 _cEK
999 _c14389
_d14389